JoJo's charachter by death (Part 1 to 5) - Statistics

General Stats
  • This quiz has been taken 3,820 times
  • The average score is 9 of 16
Answer Stats
Answer % Correct
Jonathan Joestar
93%
Iggy
76%
Muhammad Avdol
74%
Yoshikage Kira
66%
Caesar Zeppeli
62%
Will Zeppeli
59%
Leone Abbacchio
57%
Narancia Ghirga
56%
Polpo
53%
Shigekiyo Yangu
51%
Stroheim
51%
Noriaki Kakyoin
47%
Reimi Sugimoto
37%
George Joestar
35%
Kars
35%
Straizo
19%
No matching quizzes found
Score Distribution
Percent of People with Each Score
Percentile by Number Answered
Your Score History
You have not taken this quiz